[Event "Copenhagen Chess Challenge 2020 - IM"]
[Site "Ballerup"]
[Date "2020.07.22"]
[Round "1"]
[White "Hove, Esben Kjems"]
[Black "Vesterli, Michael E"]
[Result "1-0"]
[WhiteElo "2324"]
[BlackElo "2266"]
[EventDate "2020.07.22"]
[EventRounds "9"]
[EventType "tourn"]
[EventCountry "DEN"]
[WhiteFideId "1401505"]
[BlackFideId "1417339"]

1. d4 Nf6 2. Nf3 g6 3. g3 Bg7 4. Bg2 O-O 5. O-O d5 6. b3 Ne4 7. Bb2 c5 8. e3 Nc6 9. Ne5 Qc7 10. Nxc6 bxc6 11. c4 Rd8 12. Qc1 cxd4 13. cxd5 Nc3 14. Nxc3 dxc3 15. Bxc3 cxd5 16. Bxg7 Qxc1 17. Raxc1 Kxg7 18. Rfd1 Be6 19. Rc7 Kf6 20. Rd4 Rac8 21. Rxc8 Rxc8 22. Bxd5 Bh3 23. Bc4 g5 24. f4 h6 25. Kf2 a5 26. fxg5+ hxg5 27. g4 e5 28. Re4 Kg6 29. Rxe5 Bxg4 30. Rxa5 f5 31. Ra6+ Kg7 32. Rd6 Rh8 33. Kg1 Rh3 34. Re6 f4 35. Re7+ Kg6 36. exf4 gxf4 37. Re8 Rc3 38. Rg8+ Kh5 39. Bf1 Rc1 40. Rf8 Kg5 41. h4+ Kxh4 42. Rxf4 Kg3 43. Rc4 Ra1 44. Rc2 Bf3 45. b4 Rb1 46. b5 Rb4 47. Rc3 Rb2 48. a3 Rb1 49. a4 Ra1 50. b6 Rxa4 51. Rb3 Ra8 52. Rxf3+ Kg4 53. Rf7 Rb8 54. b7 Kg5 55. Bg2 Kg6 56. Rc7  1-0

[Event "Copenhagen Chess Challenge 2020 - IM"]
[Site "Ballerup"]
[Date "2020.07.22"]
[Round "1"]
[White "Akdag, Dara Sevkan"]
[Black "Heimisson, Hilmir Freyr"]
[Result "0-1"]
[WhiteElo "2244"]
[BlackElo "2309"]
[EventDate "2020.07.22"]
[EventRounds "9"]
[EventType "tourn"]
[EventCountry "DEN"]
[WhiteFideId "1413406"]
[BlackFideId "2309998"]

1. f4 f5 2. Nf3 Nf6 3. b3 b6 4. Bb2 Bb7 5. Bxf6 exf6 6. e3 Na6 7. d4 d5 8. Bd3 Qd7 9. a3 c6 10. O-O Bd6 11. c4 O-O 12. Nc3 Nc7 13. cxd5 cxd5 14. Qd2 g6 15. Rfc1 Rfe8 16. Nd1 Rac8 17. b4 Red8 18. Qb2 Bf8 19. a4 Qe7 20. Rcb1 Ne8 21. a5 Nd6 22. axb6 axb6 23. Ra7 Rc7 24. Rc1 Rxc1 25. Qxc1 Rc8 26. Qb2 Rc7 27. b5 Qe8 28. Nd2 Qc8 29. Nb1 Nc4 30. Bxc4 Rxc4 31. Ra1 Rc2 32. Qb3 Qc4 33. Qxc4 dxc4 34. Nbc3 Rxg2+ 35. Kf1 Bf3 36. Ra4 Rxh2 37. Nf2 g5 38. Ne2 g4 39. Ng3 h5 40. Nxf5 h4  0-1

[Event "Copenhagen Chess Challenge 2020 - IM"]
[Site "Ballerup"]
[Date "2020.07.22"]
[Round "1"]
[White "Nielsen, Viktor Haarmark"]
[Black "Jepson, Christian"]
[Result "1/2-1/2"]
[WhiteElo "2301"]
[BlackElo "2377"]
[EventDate "2020.07.22"]
[EventRounds "9"]
[EventType "tourn"]
[EventCountry "DEN"]
[WhiteFideId "1444492"]
[BlackFideId "1701185"]

1. Nf3 g6 2. d4 Nf6 3. c4 d6 4. g3 Bg7 5. Bg2 O-O 6. O-O c6 7. Nc3 Bf5 8. Nh4 Be6 9. b3 d5 10. cxd5 Nxd5 11. Nxd5 cxd5 12. Be3 Nc6 13. Qd2 Qb6 14. Nf3 Rfd8 15. Ne5 Nxe5 16. dxe5 d4 17. Bf4 Bd5 18. Bh3 Be6 19. Bg2 Bd5 20. Bh3 Qb5 21. Qd3 Qxd3 22. exd3 e6 23. Rac1 h6 24. Rfe1 Rac8 25. Bg2 Rc3 26. Bd2 Rxd3 27. Ba5 b6 28. Bf1 Rf3 29. Bd2 d3 30. Bg2 g5 31. h3 Rf5 32. f4 gxf4 33. gxf4 Bf8 34. Bxd5 Rxd5 35. Rc8 f6 36. exf6 Rxf6 37. Kg2 a5 38. Kf3 Rd7 39. Ke4 Kf7 40. Rd1 Bc5 41. Be3 Bxe3 42. Kxe3 Rf5 43. Rc6 Rh5 44. Rxb6 Rxh3+ 45. Ke4 d2 46. Rc6 Rhd3 47. Rc7 R3d4+ 48. Ke3 Rd3+ 49. Ke2 Rxc7 50. Kxd3 Kf6 51. Rxd2 Rd7+ 52. Ke3 Rxd2 53. Kxd2 Kf5  1/2-1/2

[Event "Copenhagen Chess Challenge 2020 - IM"]
[Site "Ballerup"]
[Date "2020.07.22"]
[Round "1"]
[White "Brynell, Stellan"]
[Black "Vinter Schou, Uffe"]
[Result "1/2-1/2"]
[WhiteElo "2414"]
[BlackElo "2349"]
[EventDate "2020.07.22"]
[EventRounds "9"]
[EventType "tourn"]
[EventCountry "DEN"]
[WhiteFideId "1700219"]
[BlackFideId "1400568"]

1. d4 Nf6 2. Nf3 e6 3. c4 c5 4. d5 exd5 5. cxd5 d6 6. Nc3 g6 7. Nd2 Bg7 8. e4 O-O 9. Be2 Re8 10. O-O Na6 11. f3 Nc7 12. a4 b6 13. Kh1 Rb8 14. Nc4 Ba6 15. Bg5 h6 16. Be3 Qe7 17. Re1 Nd7 18. Qd2 g5 19. Rab1 Ne5 20. Nxe5 Qxe5 21. f4 gxf4 22. Bxf4 Qd4 23. Bxa6 Nxa6 24. Nb5 Qxd2 25. Bxd2 Bf8 26. Nxa7 Rb7 27. Nb5 Nc7 28. Nxc7 Rxc7 29. Re3 Bg7 30. Bc3 Be5 31. Bxe5 Rxe5 32. h3 Ra7 33. b3 Rae7 34. Rbe1 f5 35. Rf1 fxe4 36. Rf6 Rxd5 37. Rxh6 Kg7 38. Rh4 Rd3 39. Rexe4 Rxe4 40. Rxe4 Rxb3 41. Re6 d5 42. Kg1 Kf7 43. Rc6 c4 44. h4 c3 45. Kf2 d4 46. Ke2 Rb2+ 47. Kd1 Rxg2 48. h5 Kg7 49. Rxb6 Ra2 50. h6+ Kh7 51. Rd6 Rxa4 52. Kc2 Rc4 53. Kd1 Rb4 54. Kc2 Ra4 55. Kb3 Rc4 56. Kc2 Rb4 57. Kc1 Ra4 58. Kc2 Ra2+ 59. Kd1 Rd2+ 60. Kc1 Kg8 61. Rd8+ Kh7 62. Rd6 d3 63. Rc6 Rc2+ 64. Kd1 Rd2+  1/2-1/2

[Event "Copenhagen Chess Challenge 2020 - IM"]
[Site "Ballerup"]
[Date "2020.07.22"]
[Round "1"]
[White "Ingebretsen, Jens E"]
[Black "Brondt, Nicolai Kvist"]
[Result "1/2-1/2"]
[WhiteElo "2182"]
[BlackElo "2223"]
[EventDate "2020.07.22"]
[EventRounds "9"]
[EventType "tourn"]
[EventCountry "DEN"]
[WhiteFideId "1522965"]
[BlackFideId "1413848"]

1. e4 c5 2. Nf3 e6 3. d4 cxd4 4. Nxd4 Nc6 5. Nb5 d6 6. c4 Nf6 7. N1c3 a6 8. Na3 Be7 9. Be3 O-O 10. Be2 b6 11. O-O Bb7 12. Qb3 Nd7 13. Rfd1 Qc7 14. Rac1 Nc5 15. Qc2 Bf6 16. Nab1 Rac8 17. f3 Rfd8 18. Bf1 Qe7 19. Qf2 Bg5 20. f4 Bf6 21. g3 g5 22. Bg2 gxf4 23. gxf4 Kh8 24. Rd2 Rg8 25. Rcd1 Rcd8 26. Kh1 Ba8 27. Bf3 Bh4 28. Qe2 Bf6 29. Bg1 Bg7 30. Qf1 Qh4 31. Be3 Bh6 32. Qe1 Qxe1+ 33. Rxe1 Nb4 34. Red1 e5 35. a3 Nc6 36. Rxd6 Rxd6 37. Rxd6 Bxf4 38. Bf2 Rg6 39. Rxg6 hxg6 40. Nd5 Nd3 41. Bxb6 Nxb2 42. Be2 Nd4 43. Bf1 Bg5 44. Nbc3 f5 45. Bc7 Nc6 46. Nb6 Bb7 47. Nd7 Bd8 48. Bd6 fxe4 49. Nc5 Bc8 50. N5xe4 Be6 51. Nd5 Na4 52. Nb4 Na5 53. Bxe5+ Kg8 54. c5 Bf5 55. Nd6 Nxc5 56. Nxf5 gxf5 57. Nxa6 Nxa6 58. Bxa6 Kf7 59. Bc3 Ke6 60. Bc8+ Kd5 61. Bxa5 Bxa5 62. Bxf5 Ke5 63. Bd7 Kf6 64. Kg2 Kg7 65. h4 Kh8 66. Kf3 Bd8 67. h5 Ba5  1/2-1/2

[Event "Copenhagen Chess Challenge 2020 - IM"]
[Site "Ballerup"]
[Date "2020.07.23"]
[Round "2"]
[White "Hove, Esben Kjems"]
[Black "Akdag, Dara Sevkan"]
[Result "1-0"]
[WhiteElo "2324"]
[BlackElo "2244"]
[EventDate "2020.07.22"]
[EventRounds "9"]
[EventType "tourn"]
[EventCountry "DEN"]
[WhiteFideId "1401505"]
[BlackFideId "1413406"]

1. d4 Nf6 2. Nf3 c5 3. g3 cxd4 4. Nxd4 e5 5. Nb3 d5 6. Bg2 Nc6 7. O-O Be7 8. Bg5 Be6 9. Nc3 d4 10. Bxf6 Bxf6 11. Ne4 Be7 12. c3 O-O 13. cxd4 Nxd4 14. Nxd4 exd4 15. Qd3 Qb6 16. b3 a5 17. Rab1 Rfd8 18. Nd2 Qa7 19. Qb5 Rac8 20. Rfc1 b6 21. Rxc8 Rxc8 22. Rd1 Qc7 23. Nf1 Bc5 24. Bf3 Bf5 25. Nd2 Qe7 26. Qa6 g5 27. g4 Bd7 28. Ne4 h5 29. h3 hxg4 30. hxg4 Kg7 31. Ng3 Rh8 32. Qb7 Qd6 33. Nh5+ Kg6 34. Kg2 f5 35. gxf5+ Bxf5 36. Qg7#  1-0

[Event "Copenhagen Chess Challenge 2020 - IM"]
[Site "Ballerup"]
[Date "2020.07.23"]
[Round "2"]
[White "Heimisson, Hilmir Freyr"]
[Black "Nielsen, Viktor Haarmark"]
[Result "1-0"]
[WhiteElo "2309"]
[BlackElo "2301"]
[EventDate "2020.07.22"]
[EventRounds "9"]
[EventType "tourn"]
[EventCountry "DEN"]
[WhiteFideId "2309998"]
[BlackFideId "1444492"]

1. c4 c6 2. e4 d5 3. exd5 cxd5 4. d4 Nf6 5. Nc3 Nc6 6. Nf3 Bg4 7. cxd5 Nxd5 8. Qb3 Bxf3 9. gxf3 e6 10. Qxb7 Nxd4 11. Bb5+ Nxb5 12. Qxb5+ Qd7 13. Nxd5 exd5 14. Qxd7+ Kxd7 15. Be3 Bb4+ 16. Ke2 Rhc8 17. Rac1 Ba5 18. Kd3 Bb6 19. Rhg1 g6 20. Rxc8 Rxc8 21. Rg4 Rc6 22. Rf4 f5 23. Ra4 h5 24. b3 Re6 25. Rb4 Kc6 26. a4 Re8 27. Rh4 Bd8 28. Rb4 Bb6 29. h3 Re7 30. Rb5 Re6 31. Rb4 Re8 32. Rf4 d4 33. Bd2 a6 34. b4 Kd5 35. a5 Ba7 36. Rh4 Rc8 37. Rf4 Rc6 38. Rh4 Rc4 39. Re4 Rc8 40. Re7 Bb8 41. Rg7 Rc6 42. Rd7+ Bd6 43. Bf4 Rc3+ 44. Kd2 Rc6 45. Rxd6+ Rxd6 46. Bxd6 Kxd6 47. Kd3 Kc6 48. Kxd4 Kb5 49. Kc3 g5 50. f4 g4 51. h4  1-0

[Event "Copenhagen Chess Challenge 2020 - IM"]
[Site "Ballerup"]
[Date "2020.07.23"]
[Round "2"]
[White "Jepson, Christian"]
[Black "Brynell, Stellan"]
[Result "1/2-1/2"]
[WhiteElo "2377"]
[BlackElo "2414"]
[EventDate "2020.07.22"]
[EventRounds "9"]
[EventType "tourn"]
[EventCountry "DEN"]
[WhiteFideId "1701185"]
[BlackFideId "1700219"]

1. Nf3 Nf6 2. c4 b6 3. g3 Bb7 4. Bg2 c5 5. O-O g6 6. b3 Bg7 7. Bb2 O-O 8. Nc3 Nc6 9. d4 Nxd4 10. Nxd4 Bxg2 11. Kxg2 cxd4 12. Qxd4 d6 13. Nd5 Ne8 14. Qd2 Bxb2 15. Qxb2 e6 16. Nb4 a5 17. Nd3 Qf6 18. Rfd1 Rb8 19. Rac1 Qxb2 20. Nxb2 f5 21. Na4 Rf7 22. Nc3 Rd7 23. Rd3 Kf7 24. e4 Nc7 25. Rcd1 Ke7 26. Re1 Kf7 27. Red1 Ke7 28. Re1 Kf7 29. Red1 Ke7  1/2-1/2

[Event "Copenhagen Chess Challenge 2020 - IM"]
[Site "Ballerup"]
[Date "2020.07.23"]
[Round "2"]
[White "Vinter Schou, Uffe"]
[Black "Ingebretsen, Jens E"]
[Result "1-0"]
[WhiteElo "2349"]
[BlackElo "2182"]
[EventDate "2020.07.22"]
[EventRounds "9"]
[EventType "tourn"]
[EventCountry "DEN"]
[WhiteFideId "1400568"]
[BlackFideId "1522965"]

1. e4 e5 2. Nf3 Nc6 3. Nc3 Bc5 4. Bb5 Nf6 5. O-O O-O 6. d3 d6 7. h3 a6 8. Ba4 h6 9. Ne2 b5 10. Bb3 Na5 11. Ng3 Re8 12. Nh2 Nxb3 13. axb3 d5 14. Qf3 Be6 15. Ng4 Nxg4 16. hxg4 c6 17. Nf5 Be7 18. g3 Bg5 19. Kg2 Bxc1 20. Raxc1 Qg5 21. Rh1 g6 22. Nxh6+ Kg7 23. Nf5+ gxf5 24. gxf5 Bd7 25. Rh5 Qf6 26. Qg4+ Kf8 27. Rch1 Ke7 28. Rh6 Rg8 29. Qe2 Qg5 30. exd5 f6 31. R1h5 Qg4 32. d6+ Kxd6 33. Rxf6+ Kc7 34. Qxe5+ Kb6 35. Qe3+ Kc7 36. Rh7 Rg7 37. Qe5+ Kb7 38. Rg6  1-0

[Event "Copenhagen Chess Challenge 2020 - IM"]
[Site "Ballerup"]
[Date "2020.07.23"]
[Round "2"]
[White "Vesterli, Michael E"]
[Black "Brondt, Nicolai Kvist"]
[Result "0-1"]
[WhiteElo "2266"]
[BlackElo "2223"]
[EventDate "2020.07.22"]
[EventRounds "9"]
[EventType "tourn"]
[EventCountry "DEN"]
[WhiteFideId "1417339"]
[BlackFideId "1413848"]

1. d4 d5 2. Nc3 c5 3. dxc5 e6 4. e4 d4 5. Nb5 Nc6 6. Nf3 e5 7. Bc4 a6 8. Nd6+ Bxd6 9. cxd6 Qxd6 10. c3 Nf6 11. O-O Bg4 12. Qd3 O-O 13. Bg5 h6 14. Bh4 Na5 15. Nd2 Rfd8 16. Bd5 g5 17. Bg3 Nxd5 18. exd5 Qxd5 19. c4 Qe6 20. b4 Bf5 21. Qe2 Nc6 22. b5 axb5 23. cxb5 Nb4 24. Qxe5 Qxe5 25. Bxe5 Rd5 26. f4 Nc2 27. Nc4 Nxa1 28. Nb6 Rxe5 29. fxe5 Rxa2 30. Rxf5 Rb2 31. Nc4 Rxb5 32. Nd6 Rd5 33. Nxf7 d3 34. e6 Rxf5 35. Nxh6+ Kg7 36. Nxf5+ Kf6 37. e7 d2 38. Ne3 Kxe7 39. Kf2 Nc2 40. Nd1 Na3 41. g3 Nc4 42. h4 g4 43. Ke2 Ke6 44. Kd3 b5 45. Kd4 Nd6 46. Kd3 Nf5 47. Kxd2 Nxg3 48. Nf2 Kf5 49. Ke3 Nf1+ 50. Ke2 Nh2 51. Nh1 Nf3 52. h5 Kg5 53. Ng3 Nd4+ 54. Kd3 Nf5 55. h6 Nxh6 56. Kc3 Nf5 57. Ne2 Kh4 58. Kb4 Nd6 59. Kc5 g3 60. Kxd6 b4 61. Nd4 g2 62. Kd5 b3  0-1

[Event "Copenhagen Chess Challenge 2020 - IM"]
[Site "Ballerup"]
[Date "2020.07.23"]
[Round "3"]
[White "Nielsen, Viktor Haarmark"]
[Black "Hove, Esben Kjems"]
[Result "1-0"]
[WhiteElo "2301"]
[BlackElo "2324"]
[EventDate "2020.07.22"]
[EventRounds "9"]
[EventType "tourn"]
[EventCountry "DEN"]
[WhiteFideId "1444492"]
[BlackFideId "1401505"]

1. e4 c6 2. d4 d5 3. Nd2 dxe4 4. Nxe4 Bf5 5. Ng3 Bg6 6. h4 h6 7. Nf3 Nd7 8. h5 Bh7 9. Bd3 Bxd3 10. Qxd3 Ngf6 11. Bd2 e6 12. O-O-O Be7 13. Kb1 O-O 14. Ne4 Nxe4 15. Qxe4 Nf6 16. Qe2 Qd5 17. Be3 b5 18. Nd2 a5 19. c3 c5 20. Qxb5 Qf5+ 21. Ka1 a4 22. Nb1 a3 23. b3 Ne4 24. Qd3 cxd4 25. Bxd4 Rfd8 26. Nd2 Nd6 27. Qxf5 Nxf5 28. Be5 f6 29. Bh2 e5 30. Ne4 Nh4 31. g4 Nf3 32. Bg3 Kf7 33. Kb1 Ke6 34. Kc2 Rdc8 35. Nd2 Nd4+ 36. Kd3 Nb5 37. Nc4 Bc5 38. Kc2 Rd8 39. Rhe1 Rxd1 40. Rxd1 Nd6 41. Nxd6 Bxd6 42. b4 Be7 43. f4 Bd6 44. f5+ Ke7 45. Kb3 Kd7 46. c4 Kc7 47. Bf2 e4 48. Be3 Be5 49. b5  1-0

[Event "Copenhagen Chess Challenge 2020 - IM"]
[Site "Ballerup"]
[Date "2020.07.23"]
[Round "3"]
[White "Akdag, Dara Sevkan"]
[Black "Vesterli, Michael E"]
[Result "1/2-1/2"]
[WhiteElo "2244"]
[BlackElo "2266"]
[EventDate "2020.07.22"]
[EventRounds "9"]
[EventType "tourn"]
[EventCountry "DEN"]
[WhiteFideId "1413406"]
[BlackFideId "1417339"]

1. f4 d5 2. Nf3 g6 3. g3 Bg7 4. Bg2 Nf6 5. O-O O-O 6. d3 Nbd7 7. c3 Re8 8. Nh4 c6 9. e4 Qb6+ 10. Kh1 dxe4 11. dxe4 e5 12. f5 Rd8 13. Qe2 a5 14. fxg6 hxg6 15. Bg5 c5 16. Na3 Nf8 17. Qf2 N8h7 18. Be3 Bf8 19. h3 Be6 20. Qe2 Qa6 21. Nb5 Rd7 22. c4 a4 23. Rad1 Rad8 24. Rxd7 Rxd7 25. Bc1 Ne8 26. Nf3 Bg7 27. b3 Nd6 28. Nc3 axb3 29. axb3 Qa5 30. Bb2 Qb4 31. Qc2 b5 32. Nd5 Bxd5 33. exd5 bxc4 34. Nxe5 cxb3 35. Qc1 Rc7 36. Nc6 Qc4 37. Qa1 Bxb2 38. Qxb2 Ng5 39. Ra1 Kh7 40. Qe5 Nge4 41. Ra8 f6 42. Qe6 Rg7 43. Rb8 b2 44. Kh2 f5 45. Rxb2 Qc3 46. Qe5 Qxe5 47. Nxe5 Rc7 48. Rb6 Re7 49. Nd3 c4 50. Nb4 c3 51. Rc6 Rb7 52. Nd3 Kg7 53. Nc5 Rb2 54. Rc7+ Kf6 55. Nd7+ Ke7 56. Ne5+ Kf6 57. Nd7+ Ke7 58. Ne5+ Kf6 59. Nd7+  1/2-1/2

[Event "Copenhagen Chess Challenge 2020 - IM"]
[Site "Ballerup"]
[Date "2020.07.23"]
[Round "3"]
[White "Brynell, Stellan"]
[Black "Heimisson, Hilmir Freyr"]
[Result "1/2-1/2"]
[WhiteElo "2414"]
[BlackElo "2309"]
[EventDate "2020.07.22"]
[EventRounds "9"]
[EventType "tourn"]
[EventCountry "DEN"]
[WhiteFideId "1700219"]
[BlackFideId "2309998"]

1. d4 Nf6 2. Nf3 d5 3. c4 e6 4. g3 Be7 5. Bg2 O-O 6. O-O dxc4 7. Ne5 Nc6 8. Bxc6 bxc6 9. Nxc6 Qe8 10. Nxe7+ Qxe7 11. b3 Rd8 12. bxc4 c5 13. Ba3 Qc7 14. Bxc5 e5 15. Qd3 Bh3 16. Rc1 Rd7 17. Nd2 Rad8 18. Nb3 a5 19. a4 exd4 20. Bxd4 Qc8 21. f3 Re7 22. Ra2 Rde8 23. e3 Qa8 24. Rf2 h5 25. Qc3 h4 26. Qxa5 Qb8 27. Qg5 Re6 28. Nc5 Re5 29. Qxh4 Rh5 30. Qf4 Qc8 31. Nd3 Nh7 32. Qd6 Rh6 33. Qc5 Rc6 34. Qb5 Bf5 35. Ne5 Rh6 36. e4 Be6 37. Qc6 Qd8 38. Be3 Rh5 39. Rd2 Qb8 40. f4 Nf6 41. Rcd1 Kh7 42. Nf3 Rc8 43. Qb6 Qa8 44. Ng5+ Rxg5 45. fxg5 Nxe4 46. Rd8 Qxa4 47. Qb1 Rxc4 48. R1d4 Bf5 49. Rxc4 Qxc4 50. Rd4 Qe6 51. Qc1 Qe5 52. Rb4 Nxg3 53. hxg3 Qxg3+ 54. Kh1 Qh3+ 55. Kg1 Qg3+  1/2-1/2

[Event "Copenhagen Chess Challenge 2020 - IM"]
[Site "Ballerup"]
[Date "2020.07.23"]
[Round "3"]
[White "Ingebretsen, Jens E"]
[Black "Jepson, Christian"]
[Result "1/2-1/2"]
[WhiteElo "2182"]
[BlackElo "2377"]
[EventDate "2020.07.22"]
[EventRounds "9"]
[EventType "tourn"]
[EventCountry "DEN"]
[WhiteFideId "1522965"]
[BlackFideId "1701185"]

1. e4 g6 2. d4 Bg7 3. Nf3 d6 4. Nc3 Nf6 5. Be2 O-O 6. O-O c6 7. a4 Nbd7 8. h3 Qc7 9. a5 Rb8 10. Be3 Re8 11. Qd2 b5 12. axb6 axb6 13. e5 dxe5 14. dxe5 Nd5 15. Nxd5 cxd5 16. Bb5 Rf8 17. Rfe1 Nxe5 18. Nxe5 Bxe5 19. Bh6 Bg7 20. Ra4 Bxh6 21. Qxh6 f6 22. c4 d4 23. c5 bxc5 24. Bc4+ e6 25. b3 Rb6 26. Ra8 Qg7 27. Qd2 Kh8 28. Qa5 Rc6 29. Rb8 Qc7 30. Qa8 Rb6 31. Rxb6 Qxb6 32. Rxe6 Qb7 33. Qxb7 Bxb7 34. Re7 Bc8 35. Rc7 Bf5 36. Rxc5 Bc2 37. Rd5 d3  1/2-1/2

[Event "Copenhagen Chess Challenge 2020 - IM"]
[Site "Ballerup"]
[Date "2020.07.23"]
[Round "3"]
[White "Brondt, Nicolai Kvist"]
[Black "Vinter Schou, Uffe"]
[Result "1-0"]
[WhiteElo "2223"]
[BlackElo "2349"]
[EventDate "2020.07.22"]
[EventRounds "9"]
[EventType "tourn"]
[EventCountry "DEN"]
[WhiteFideId "1413848"]
[BlackFideId "1400568"]

1. d4 Nf6 2. c4 e6 3. Nc3 Bb4 4. e3 c5 5. Bd3 cxd4 6. exd4 d5 7. Nge2 dxc4 8. Bxc4 O-O 9. O-O Nc6 10. Qd3 Na5 11. Bb5 Bd7 12. Bg5 Be7 13. Rfd1 Bxb5 14. Qxb5 a6 15. Qd3 Rc8 16. Qf3 Qb6 17. d5 exd5 18. Bxf6 Bxf6 19. Nxd5 Qxb2 20. Rab1 Qe5 21. Nef4 Rfe8 22. Nh5 Bg5 23. Qg4 g6 24. f4 gxh5 25. Qxc8 Rxc8 26. fxe5 Kg7 27. Rb2 Nc4 28. Rxb7 Nxe5 29. Nc7 Be3+ 30. Kf1 Kg6 31. Nd5 Bg5 32. Ne7+ Bxe7 33. Rxe7 f6 34. Re6 a5 35. Rd2 Rc1+ 36. Ke2 Nc4 37. Rc6 Rc3 38. Rd4 Re3+ 39. Kf2 Ne5 40. Rxf6+ Kxf6 41. Kxe3 Ng4+ 42. Kf4  1-0

[Event "Copenhagen Chess Challenge 2020 - IM"]
[Site "Ballerup"]
[Date "2020.07.24"]
[Round "4"]
[White "Hove, Esben Kjems"]
[Black "Brynell, Stellan"]
[Result "1/2-1/2"]
[WhiteElo "2324"]
[BlackElo "2414"]
[EventDate "2020.07.22"]
[EventRounds "9"]
[EventType "tourn"]
[EventCountry "DEN"]
[WhiteFideId "1401505"]
[BlackFideId "1700219"]

1. d4 Nf6 2. Nf3 d5 3. b3 Bf5 4. Bb2 e6 5. e3 Nbd7 6. Nbd2 Bd6 7. Be2 Ne4 8. O-O Qf6 9. Nxe4 dxe4 10. Nd2 Qh6 11. g3 Nf6 12. Nc4 Be7 13. f4 Qh3 14. Rf2 Ng4 15. Bxg4 Bxg4 16. Qf1 f6 17. Nd2 Qxf1+ 18. Raxf1 Bf5 19. Kg2 h5 20. h3 Kf7 21. a4 Rag8 22. Kh2 a6 23. a5 Rd8 24. Nc4 Rd5 25. Ra1 Rg8 26. Ba3 Bxa3 27. Rxa3 Ke7 28. b4 Rdd8 29. Nd2 g5 30. Nb3 gxf4 31. Rxf4 Rg5 32. h4 Rg7 33. Ra1 Rdg8 34. Rg1 b6 35. axb6 cxb6 36. c4 Rc8 37. Rc1 Rcg8 38. Rg1 Rc8 39. Rc1  1/2-1/2

[Event "Copenhagen Chess Challenge 2020 - IM"]
[Site "Ballerup"]
[Date "2020.07.24"]
[Round "4"]
[White "Akdag, Dara Sevkan"]
[Black "Nielsen, Viktor Haarmark"]
[Result "1/2-1/2"]
[WhiteElo "2244"]
[BlackElo "2301"]
[EventDate "2020.07.22"]
[EventRounds "9"]
[EventType "tourn"]
[EventCountry "DEN"]
[WhiteFideId "1413406"]
[BlackFideId "1444492"]

1. f4 d5 2. Nf3 g6 3. e3 Bg7 4. Be2 Nf6 5. O-O O-O 6. b3 Nfd7 7. Nc3 e5 8. Ba3 Re8 9. Nxd5 Nb6 10. Nxb6 axb6 11. Bb2 e4 12. Ne5 Nd7 13. Nc4 b5 14. Bxg7 Kxg7 15. Nb2 Qf6 16. Qc1 c6 17. a4 bxa4 18. Rxa4 Rxa4 19. Nxa4 b5 20. Nc3 Kg8 21. Qa3 Qe6 22. h3 Nf6 23. Qc5 Rd8 24. d4 exd3 25. Bxd3 b4 26. Nd1 Qd6 27. Qxd6 Rxd6 28. e4 Rd8 29. Kf2 Be6 30. Nb2 Ra8 31. Ke3 Kf8 32. g4 c5 33. f5 gxf5 34. gxf5 Bd7 35. Nc4 Bc6 36. Ne5 Bxe4 37. Ng4 Bxd3 38. Kxd3 Rd8+ 39. Kc4 Nxg4 40. hxg4 Rd4+ 41. Kxc5 Rxg4 42. f6 h5 43. Rf5 h4 44. Rh5 Kg8 45. Kd5 Rf4 46. Ke5 Rg4 47. Kf5 Rd4 48. Rh6 Rd5+ 49. Ke4 Rd2 50. Rxh4 Rxc2 51. Kd5 Rd2+ 52. Kc5 Rf2 53. Rxb4 Rf5+ 54. Kd6 Rxf6+ 55. Kc7 Rf1 56. Rc4 Kg7 57. b4 Rb1 58. Kc6 f5 59. b5 Kf6 60. b6 Ke5 61. b7 Rxb7 62. Kxb7 f4 63. Kb6 f3 64. Rc8 Ke4 65. Rf8 Ke3 66. Kc5 f2 67. Kd5 Ke2 68. Ke4 f1=Q 69. Rxf1 Kxf1  1/2-1/2

[Event "Copenhagen Chess Challenge 2020 - IM"]
[Site "Ballerup"]
[Date "2020.07.24"]
[Round "4"]
[White "Heimisson, Hilmir Freyr"]
[Black "Ingebretsen, Jens E"]
[Result "0-1"]
[WhiteElo "2309"]
[BlackElo "2182"]
[EventDate "2020.07.22"]
[EventRounds "9"]
[EventType "tourn"]
[EventCountry "DEN"]
[WhiteFideId "2309998"]
[BlackFideId "1522965"]

1. Nf3 Nf6 2. c4 c5 3. d4 cxd4 4. Nxd4 e6 5. Nc3 a6 6. g3 Qc7 7. Bg2 Qxc4 8. O-O Be7 9. e4 d6 10. Be3 Qc7 11. Rc1 Qd8 12. Qe2 O-O 13. Rfd1 Nbd7 14. f4 Rb8 15. Kh1 g6 16. e5 Ne8 17. exd6 Nxd6 18. Nf3 Qa5 19. Ba7 Ra8 20. Bf2 Re8 21. Ne5 Nxe5 22. fxe5 Nf5 23. b4 Qxb4 24. g4 Nh4 25. Bxh4 Bxh4 26. Ne4 Be7 27. Qf3 Qa5 28. Qf4 h6 29. h4 Rf8 30. Rc5 g5 31. hxg5 hxg5 32. Qh2 Qa4 33. Rd3 Kg7 34. Nf6 Rh8 35. Nh5+ Kf8 36. Qg3 Bxc5 37. Rd8+ Ke7 38. Rxh8 Qd1+ 39. Kh2 Kd7 40. Nf6+ Kc7 41. Kh3 Rb8 42. Ne8+ Kb6 43. Nd6 Kc7 44. Ne4 Qc2 45. Qf3 Bd7 46. Rh7 Bc6 47. Qxf7+ Kb6 48. Qc7+ Kb5 49. Qxb8 Bxe4 50. Rxb7+ Bxb7 51. Qxb7+ Ka5 52. Qc7+ Kb4 53. Qb8+ Ka3 54. Qb7 Qd3+ 55. Bf3 Kxa2 56. Qc6 Kb2 57. Kg2 Qd2+ 58. Kh3 Qe3 59. Qb7+ Kc1 60. Kg2 a5 61. Qe4 Qxe4 62. Bxe4 a4 63. Bd3 a3 64. Bc4 Bd4 65. Kf3 Bxe5 66. Ke4 Bf4 67. Bxe6 Kb2 68. Kf3 a2 69. Bxa2 Kxa2 70. Kg2 Kb3 71. Kh3 Kc4 72. Kg2 Kd4 73. Kf3 Bb8  0-1

[Event "Copenhagen Chess Challenge 2020 - IM"]
[Site "Ballerup"]
[Date "2020.07.24"]
[Round "4"]
[White "Jepson, Christian"]
[Black "Brondt, Nicolai Kvist"]
[Result "1/2-1/2"]
[WhiteElo "2377"]
[BlackElo "2223"]
[EventDate "2020.07.22"]
[EventRounds "9"]
[EventType "tourn"]
[EventCountry "DEN"]
[WhiteFideId "1701185"]
[BlackFideId "1413848"]

1. e4 c5 2. Nf3 e6 3. d4 cxd4 4. Nxd4 Nc6 5. Nc3 Qc7 6. g3 a6 7. Bg2 d6 8. Nxc6 bxc6 9. O-O Nf6 10. Na4 Rb8 11. c4 c5 12. b3 Be7 13. Bb2 O-O 14. f4 Bb7 15. Re1 Rfd8 16. Qe2 Ne8 17. Rad1 Bf6 18. e5 Bxg2 19. Kxg2 Be7 20. Qf3 dxe5 21. fxe5 g6 22. Rf1 Bf8 23. Kf2 Ng7 24. g4 Qe7 25. Ke2 Rbc8 26. h3 Qc7 27. Bc3 Ne8 28. Rd3 Bg7 29. Qe4 Qe7 30. Ba5 Rxd3 31. Kxd3 f6 32. exf6 Nxf6 33. Qe2 e5 34. Kc2 e4 35. Nb6 Re8 36. Bc3 Qe6 37. Na4 Nd7 38. Qe3 Qc6 39. Bxg7 Kxg7 40. Nc3 Nf6 41. g5 Nh5 42. Nd5 Qd6 43. Qf2 Qd7 44. Qxc5 e3 45. Qc7 Qxc7 46. Nxc7 Re5 47. h4 Nf4 48. Re1 Ng2 49. Re2 Nf4 50. Re1 Ng2 51. Re2 Nf4 52. Re1 Ng2  1/2-1/2

[Event "Copenhagen Chess Challenge 2020 - IM"]
[Site "Ballerup"]
[Date "2020.07.24"]
[Round "4"]
[White "Vesterli, Michael E"]
[Black "Vinter Schou, Uffe"]
[Result "1-0"]
[WhiteElo "2266"]
[BlackElo "2349"]
[EventDate "2020.07.22"]
[EventRounds "9"]
[EventType "tourn"]
[EventCountry "DEN"]
[WhiteFideId "1417339"]
[BlackFideId "1400568"]

1. d4 Nf6 2. c4 c5 3. d5 g6 4. Nc3 Bg7 5. Nf3 O-O 6. Bf4 d6 7. e3 Bf5 8. Nd2 e5 9. Bg5 h6 10. Bh4 g5 11. Bg3 e4 12. Qb3 Qe7 13. Be2 Na6 14. O-O-O Rfb8 15. Rhe1 Nc7 16. f3 exf3 17. gxf3 Nh5 18. f4 Bg6 19. Nf1 gxf4 20. exf4 Qf6 21. Bxh5 Bxh5 22. Ne4 Qd8 23. f5 b5 24. Bxd6 bxc4 25. Qg3 Ne8 26. Bxb8 Bxd1 27. Be5 f6 28. Nxf6+ Nxf6 29. Rxd1 Qf8 30. Nd2 c3 31. bxc3 Re8 32. Rg1 Nh5 33. Bxg7 Qxf5 34. Qc7 Re2 35. Qd8+  1-0